000
00271nam a22001217a 4500
008
180803b xxu||||| |||| 00| 0 eng d
082
_a
813.52
245
_a
Nutrition & You
_c
Blake,J.S
260
_c
2008
300
_a
4
_f
CD
440
_x
9780321490056
942
_2
ddc
_c
MX
999
_c
46771
_d
46771